|
|
|
|
| LEADER |
00000nab a2200000 a 4500 |
| 001 |
vtls000931449 |
| 003 |
SK-MaSNL |
| 005 |
20260305014837.0 |
| 008 |
210903e20040120xo 0 slo |
| 035 |
|
|
|a KE40326
|
| 040 |
|
|
|a KEVKJB
|b slo
|c KEVKJB
|e AACR2
|
| 041 |
0 |
|
|a slo
|
| 044 |
|
|
|a xo
|c SK
|
| 080 |
|
|
|a 282
|2 1981
|
| 080 |
|
|
|a 726.54
|2 1981
|
| 100 |
1 |
|
|a Sambor, Miroslav
|4 aut
|9 872736
|
| 245 |
1 |
0 |
|a V Ťahanovciach vyrastie kostol, ktorě bude mať 9-metrový kríž
|b Pýchou svätostánku sa má stať veža, tretia najvyššia v Košiciach
|
| 300 |
|
|
|b 1 foto
|
| 610 |
2 |
7 |
|a Rímskokatolícka cirkev
|2 SNKKA
|9 32394
|
| 650 |
0 |
7 |
|a kostoly
|2 KEVKJB
|9 3023
|
| 650 |
0 |
7 |
|a výstavba plánovaná
|2 KEVKJB
|9 873751
|
| 651 |
|
7 |
|a Ťahanovce (Košice I, Slovensko)
|2 KEVKJB
|9 168684
|
| 651 |
|
7 |
|a Košice (Slovensko)
|2 KEVKJB
|9 18694
|
| 651 |
|
7 |
|a KE,
|2 KEVKJB
|9 877256
|
| 655 |
|
7 |
|a periodikum
|2 snkbucl
|9 29553
|
| 773 |
0 |
8 |
|t Košický večer
|g Roč. 15
|g Roč. 36, č.12, 20.1.2004, s. 1
|
| 852 |
|
|
|a ZVYKNI
|b KIS3GCP
|
| 999 |
|
|
|c 3271696
|d 3273626
|